<?xml version="1.0" encoding="UTF-8"?>
<record
    xmlns:xsi="http://www.w3.org/2001/XMLSchema-instance"
    xsi:schemaLocation="http://www.loc.gov/MARC21/slim http://www.loc.gov/standards/marcxml/schema/MARC21slim.xsd"
    xmlns="http://www.loc.gov/MARC21/slim">

  <leader>02528nam a22002417a 4500</leader>
  <controlfield tag="001">6726</controlfield>
  <controlfield tag="003">FISKH</controlfield>
  <controlfield tag="005">20250522164947.0</controlfield>
  <controlfield tag="008">250522b        cb ||||| |||| 00| 0 eng d</controlfield>
  <datafield tag="020" ind1=" " ind2=" ">
    <subfield code="a">9789996354908</subfield>
  </datafield>
  <datafield tag="040" ind1=" " ind2=" ">
    <subfield code="a">FISKH</subfield>
    <subfield code="b">khr</subfield>
    <subfield code="c">FISKH</subfield>
    <subfield code="d">FISKH</subfield>
  </datafield>
  <datafield tag="082" ind1=" " ind2=" ">
    <subfield code="a">333.9109596</subfield>
  </datafield>
  <datafield tag="100" ind1=" " ind2=" ">
    <subfield code="a">Sokheng, Kong</subfield>
  </datafield>
  <datafield tag="245" ind1=" " ind2=" ">
    <subfield code="a">&#x1788;&#x17D2;&#x179C;&#x17C1;&#x1784;&#x1799;&#x179B;&#x17CB;&#x17A2;&#x17C6;&#x1796;&#x17B8; &#x1791;&#x17B9;&#x1780; &#x1780;&#x17D2;&#x1793;&#x17BB;&#x1784;&#x17A2;&#x179A;&#x17B7;&#x1799;&#x1792;&#x1798;&#x17CC;&#x1781;&#x17D2;&#x1798;&#x17C2;&#x179A;  /</subfield>
    <subfield code="c">&#x179A;&#x17C0;&#x1794;&#x179A;&#x17C0;&#x1784; &#x1793;&#x17B7;&#x1784;&#x1785;&#x1784;&#x1780;&#x17D2;&#x179A;&#x1784;&#x200B;&#x178A;&#x17C4;&#x1799; &#x179B;&#x17C4;&#x1780; &#x1782;&#x1784;&#x17CB; &#x179F;&#x17BB;&#x1781;&#x17A0;&#x17C1;&#x1784;</subfield>
  </datafield>
  <datafield tag="260" ind1=" " ind2=" ">
    <subfield code="a">&#x1797;&#x17D2;&#x1793;&#x17C6;&#x1796;&#x17C1;&#x1789; :</subfield>
    <subfield code="b">&#x1796;&#x17C1;&#x1787;&#x17D2;&#x179A; &#x178E;&#x17C2;&#x178F; , </subfield>
    <subfield code="c">2010.</subfield>
  </datafield>
  <datafield tag="300" ind1=" " ind2=" ">
    <subfield code="a">302 pages : </subfield>
    <subfield code="b">illustrations ; </subfield>
    <subfield code="c">21 cm . </subfield>
  </datafield>
  <datafield tag="520" ind1=" " ind2=" ">
    <subfield code="a">&#x179F;&#x17C0;&#x179C;&#x1797;&#x17C5; &#x1788;&#x17D2;&#x179C;&#x17C1;&#x1784;&#x1799;&#x179B;&#x17CB;&#x17A2;&#x17C6;&#x1796;&#x17B8;&#x1791;&#x17B9;&#x1780; &#x1780;&#x17D2;&#x1793;&#x17BB;&#x1784;&#x17A2;&#x179A;&#x17B7;&#x1799;&#x1792;&#x1798;&#x17CC;&#x1781;&#x17D2;&#x1798;&#x17C2;&#x179A; &#x178A;&#x17C2;&#x179B;&#x179A;&#x17C0;&#x1794;&#x179A;&#x17C0;&#x1784;&#x178A;&#x17C4;&#x1799;&#x179B;&#x17C4;&#x1780; &#x1782;&#x1784;&#x17CB; &#x179F;&#x17BB;&#x1781;&#x17A0;&#x17C1;&#x1784; &#x1782;&#x17BA;&#x1787;&#x17B6;&#x1780;&#x17B6;&#x179A;&#x179F;&#x17B7;&#x1780;&#x17D2;&#x179F;&#x17B6;&#x178A;&#x17C2;&#x179B;&#x1794;&#x1784;&#x17D2;&#x17A0;&#x17B6;&#x1789;&#x1796;&#x17B8;&#x178F;&#x17BD;&#x1793;&#x17B6;&#x1791;&#x17B8;&#x179F;&#x17C6;&#x1781;&#x17B6;&#x1793;&#x17CB;&#x179A;&#x1794;&#x179F;&#x17CB;&#x1791;&#x17B9;&#x1780;&#x1780;&#x17D2;&#x1793;&#x17BB;&#x1784;&#x1794;&#x179A;&#x17B7;&#x1794;&#x1791;&#x179C;&#x1794;&#x17D2;&#x1794;&#x1792;&#x1798;&#x17CC; &#x1793;&#x17B7;&#x1784;&#x179F;&#x1784;&#x17D2;&#x1782;&#x1798;&#x1781;&#x17D2;&#x1798;&#x17C2;&#x179A;&#x17D4;&#x200B;&#x179F;&#x17C0;&#x179C;&#x1797;&#x17C5;&#x1793;&#x17C1;&#x17C7;&#x1796;&#x17B7;&#x1785;&#x17B6;&#x179A;&#x178E;&#x17B6;&#x17A2;&#x17C6;&#x1796;&#x17B8;&#x1791;&#x17B9;&#x1780;&#x1798;&#x17B7;&#x1793;&#x178F;&#x17D2;&#x179A;&#x17B9;&#x1798;&#x178F;&#x17C2;&#x1787;&#x17B6;&#x1792;&#x1793;&#x1792;&#x17B6;&#x1793;&#x1792;&#x1798;&#x17D2;&#x1798;&#x1787;&#x17B6;&#x178F;&#x17B7;&#x1791;&#x17C1; &#x1794;&#x17C9;&#x17BB;&#x1793;&#x17D2;&#x178F;&#x17C2;&#x1787;&#x17B6;&#x179F;&#x1789;&#x17D2;&#x1789;&#x17B6;&#x179F;&#x17C6;&#x1781;&#x17B6;&#x1793;&#x17CB;&#x1780;&#x17D2;&#x1793;&#x17BB;&#x1784;&#x1780;&#x17B6;&#x179A;&#x1794;&#x1784;&#x17D2;&#x17A0;&#x17B6;&#x1789;&#x1796;&#x17B8;&#x1791;&#x17C6;&#x1793;&#x17B6;&#x1780;&#x17CB;&#x1791;&#x17C6;&#x1793;&#x1784;&#x179A;&#x179C;&#x17B6;&#x1784;&#x1798;&#x1793;&#x17BB;&#x179F;&#x17D2;&#x179F; &#x1793;&#x17B7;&#x1784;&#x1792;&#x1798;&#x17D2;&#x1798;&#x1787;&#x17B6;&#x178F;&#x17B7;&#x17D4; &#x179C;&#x17B6;&#x178F;&#x17D2;&#x179A;&#x17BC;&#x179C;&#x1794;&#x17B6;&#x1793;&#x1794;&#x17D2;&#x179A;&#x17BE;&#x1794;&#x17D2;&#x179A;&#x17B6;&#x179F;&#x17CB;&#x1780;&#x17D2;&#x1793;&#x17BB;&#x1784;&#x1796;&#x17B7;&#x1792;&#x17B8;&#x1794;&#x17BB;&#x178E;&#x17D2;&#x1799; &#x179F;&#x17B6;&#x179F;&#x1793;&#x17B6;&#x1781;&#x17D2;&#x1798;&#x17C2;&#x179A; &#x1793;&#x17B7;&#x1784;&#x1787;&#x17B6;&#x1795;&#x17D2;&#x1793;&#x17C2;&#x1780;&#x1798;&#x17BD;&#x1799;&#x1793;&#x17C3;&#x1780;&#x17B6;&#x179A;&#x1794;&#x1784;&#x17D2;&#x17A0;&#x17B6;&#x1789;&#x1796;&#x17B8;&#x1780;&#x17B6;&#x179A;&#x179A;&#x179F;&#x17CB;&#x1793;&#x17C5;&#x1794;&#x17D2;&#x179A;&#x1780;&#x1794;&#x178A;&#x17C4;&#x1799;&#x179F;&#x17B8;&#x179B;&#x1792;&#x1798;&#x17CC; &#x1793;&#x17B7;&#x1784;&#x1780;&#x17B6;&#x179A;&#x1791;&#x1791;&#x17BD;&#x179B;&#x1781;&#x17BB;&#x179F;&#x178F;&#x17D2;&#x179A;&#x17BC;&#x179C;&#xE15;&#xE48;&#xE2D;&#x1794;&#x179A;&#x17B7;&#x179F;&#x17D2;&#x1790;&#x17B6;&#x1793;&#x17D4;</subfield>
  </datafield>
  <datafield tag="520" ind1=" " ind2=" ">
    <subfield code="a">The book "Understanding Water in Khmer Civilization", compiled by Kong Sokheng, is a study that highlights the vital role of water within the context of Khmer culture and society. This book explores water not merely as a natural resource, but as a significant symbol representing the relationship between humans and nature. It is used in traditional ceremonies, Khmer religious practices, and serves as a key element reflecting a way of life rooted in morality and responsibility toward the environment.</subfield>
  </datafield>
  <datafield tag="650" ind1=" " ind2=" ">
    <subfield code="a"> &#x1791;&#x17B9;&#x1780; -- &#x1794;&#x17D2;&#x179A;&#x1791;&#x17C1;&#x179F;&#x1780;&#x1798;&#x17D2;&#x1796;&#x17BB;&#x1787;&#x17B6; -- &#x1780;&#x17B6;&#x179A;&#x1782;&#x17D2;&#x179A;&#x1794;&#x17CB;&#x1782;&#x17D2;&#x179A;&#x1784;</subfield>
  </datafield>
  <datafield tag="650" ind1=" " ind2=" ">
    <subfield code="a">water-Cambodia-Management</subfield>
  </datafield>
  <datafield tag="942" ind1=" " ind2=" ">
    <subfield code="2">ddc</subfield>
    <subfield code="c">KHB</subfield>
    <subfield code="n">0</subfield>
  </datafield>
  <datafield tag="999" ind1=" " ind2=" ">
    <subfield code="c">6726</subfield>
    <subfield code="d">6726</subfield>
  </datafield>
  <datafield tag="952" ind1=" " ind2=" ">
    <subfield code="0">0</subfield>
    <subfield code="1">0</subfield>
    <subfield code="2">ddc</subfield>
    <subfield code="4">0</subfield>
    <subfield code="7">0</subfield>
    <subfield code="8">KH</subfield>
    <subfield code="a">002</subfield>
    <subfield code="b">002</subfield>
    <subfield code="c">SKB</subfield>
    <subfield code="d">2025-05-22</subfield>
    <subfield code="l">0</subfield>
    <subfield code="o">SOK 333.9109596</subfield>
    <subfield code="p">FIS03855</subfield>
    <subfield code="r">2025-05-22 16:47:25</subfield>
    <subfield code="t">1</subfield>
    <subfield code="w">2025-05-22</subfield>
    <subfield code="y">KHB</subfield>
  </datafield>
  <datafield tag="952" ind1=" " ind2=" ">
    <subfield code="0">0</subfield>
    <subfield code="1">0</subfield>
    <subfield code="2">ddc</subfield>
    <subfield code="4">0</subfield>
    <subfield code="7">0</subfield>
    <subfield code="8">KH</subfield>
    <subfield code="a">002</subfield>
    <subfield code="b">002</subfield>
    <subfield code="c">SKB</subfield>
    <subfield code="d">2025-05-22</subfield>
    <subfield code="l">0</subfield>
    <subfield code="o">SOK 333.9109596</subfield>
    <subfield code="p">FISSE01748</subfield>
    <subfield code="r">2025-05-22 16:48:50</subfield>
    <subfield code="t">2</subfield>
    <subfield code="w">2025-05-22</subfield>
    <subfield code="y">KHB</subfield>
  </datafield>
  <datafield tag="952" ind1=" " ind2=" ">
    <subfield code="0">0</subfield>
    <subfield code="1">0</subfield>
    <subfield code="2">ddc</subfield>
    <subfield code="4">0</subfield>
    <subfield code="7">0</subfield>
    <subfield code="8">KH</subfield>
    <subfield code="a">002</subfield>
    <subfield code="b">002</subfield>
    <subfield code="c">SKB</subfield>
    <subfield code="d">2025-05-22</subfield>
    <subfield code="l">0</subfield>
    <subfield code="o">SOK 333.9109596</subfield>
    <subfield code="p">FISSE01752</subfield>
    <subfield code="r">2025-05-22 16:49:02</subfield>
    <subfield code="t">3</subfield>
    <subfield code="w">2025-05-22</subfield>
    <subfield code="y">KHB</subfield>
  </datafield>
</record>
